Welcome to the Holygrace Academy Library

Please use search bar below to get started

ORU VALMEEKI KOODY (Record no. 4231)

MARC details
000 -LEADER
fixed length control field 00287nam a22001337a 4500
082 ## - DEWEY DECIMAL CLASSIFICATION NUMBER
Classification number 894.812.1
Item number SUK/D
100 ## - MAIN ENTRY--AUTHOR NAME
Personal name SUKUMARAN, PUTHENVELIKKARA
245 ## - TITLE STATEMENT
Title ORU VALMEEKI KOODY
260 ## - PUBLICATION, DISTRIBUTION, ETC. (IMPRINT)
Place of publication ALUVA
Name of publisher PEN BOOKS
Year of publication 2004
300 ## - PHYSICAL DESCRIPTION
Number of Pages 88
520 ## - SUMMARY, ETC.
Summary, etc POETRY
650 ## - SUBJECT ADDED ENTRY--TOPICAL TERM
Topical Term POETRY
942 ## - ADDED ENTRY ELEMENTS (KOHA)
Koha item type Books
Holdings
Withdrawn status Lost status Collection code Home library Current library Shelving location Date acquired Source of acquisition Cost, normal purchase price Full call number Accession Number Koha item type
    Non-fiction Main Library Main Library SHELF-16H-MALAYALAM POEMS 30/01/2019 Purchase 30.00 894.812.1 SUK/D 10875 Books